000
00325nam a2200133Ia 4500
005
20251222142025.0
008
251222s9999||||xx |||||||||||||| ||spa||
020
_a
84-7520-109-1
082
_a
828.87/W56F
100
_a
Wilde, Oscar
245
0
_a
El Fantasma de Canterville y Otros Cuentos
264
_b
Busma
942
_c
LIB
999
_c
10781
_d
10781